| 000 | 00850nam a2200241 a 4500 | ||
|---|---|---|---|
| 001 | 63300 | ||
| 003 | BD-RjUL | ||
| 005 | 20211209081159.0 | ||
| 008 | 170129r19631950enk 00010 eng d | ||
| 035 | _a(BD-RjUL)63429 | ||
| 040 |
_aBD-RjUL _beng _cBD-RjUL |
||
| 041 | 0 | _aengang | |
| 082 |
_223 _a829 _bHAB 1963 |
||
| 245 | 1 | 0 |
_aBeowulf and the Finnesburg fragment : _ba translation into modern English prose / _cJohn R. Clark Hall. |
| 260 |
_aLondon : _bAllen, _c1950 [sixth impression 1963] |
||
| 300 |
_a194 p. ; _c19 cm. |
||
| 650 | 0 |
_aEnglish poetry _yOld English, approximately 450-1100. _9188371 |
|
| 650 | 0 |
_aEpic poetry, English (Old) _9188372 |
|
| 700 | 1 |
_aTolkien, J. R. R. _q(John Ronald Reuel), _d1892-1973. _9188373 |
|
| 700 | 1 |
_aWrenn, C. L. _q(Charles Leslie), _d1895- _9186265 |
|
| 700 | 2 |
_aClark Hall, John R. _9188374 |
|
| 942 |
_2ddc _cBK |
||
| 999 |
_c63300 _d63300 |
||